000 00452nam a2200145Ia 4500
008 220216s9999 xx 000 0 und d
100 _aMantia F P La
245 0 _aEffect of processing conditions on the degradation and on the recycling of polycarbonate
260 _bProgress in Rubber, Plastics and Recycling Technology
_c2003
300 _a135-142
650 _aMolecular weight
650 _aPolycarbonate
700 _aCorrenti A
942 _cJS
999 _c58071
_d58071